| 000 | 00554nam a2200217Ia 4500 | ||
|---|---|---|---|
| 003 | IIN | ||
| 005 | 20250507115803.0 | ||
| 008 | 231217s2014 xx d 001 0 eng d | ||
| 020 |
_cRs.550.00 _a9789351520085 |
||
| 040 |
_aIIN _bEnglish |
||
| 082 |
_a610.73 _bANT |
||
| 100 | 1 | _aAnthikad, Jacob | |
| 245 | 1 |
_aSociology for Graduate Nurses/ _cJacob Anthikad |
|
| 250 | _a2nd ed | ||
| 260 |
_aNew Delhi _bJaypee _c2014 |
||
| 300 | _axxiv, 226p. | ||
| 500 | _aIncludes Index | ||
| 650 | 1 | _aSociology | |
| 650 | 1 |
_aSociology _vNursing |
|
| 942 | _cBOOK | ||
| 999 |
_c1594 _d1594 |
||